<?xml version="1.0" encoding="UTF-8"?>
<record
    xmlns:xsi="http://www.w3.org/2001/XMLSchema-instance"
    xsi:schemaLocation="http://www.loc.gov/MARC21/slim http://www.loc.gov/standards/marcxml/schema/MARC21slim.xsd"
    xmlns="http://www.loc.gov/MARC21/slim">

  <leader>00952nam a22002295i 4500</leader>
  <controlfield tag="001">154482</controlfield>
  <controlfield tag="003">ES-MaACL</controlfield>
  <controlfield tag="005">20230906205740.0</controlfield>
  <controlfield tag="008">980910s1891    sp           |||| | cat d</controlfield>
  <datafield tag="080" ind1=" " ind2=" ">
    <subfield code="a">398(460.23):58</subfield>
  </datafield>
  <datafield tag="080" ind1=" " ind2=" ">
    <subfield code="a">811.134.1'373.22:58(460.23)</subfield>
  </datafield>
  <datafield tag="100" ind1="1" ind2=" ">
    <subfield code="a">Gomis i Mestre, Cels.</subfield>
    <subfield code="9">58207</subfield>
  </datafield>
  <datafield tag="245" ind1="1" ind2="0">
    <subfield code="a">Bot&#xE1;nica popular : </subfield>
    <subfield code="b">ab gran nombre de confrontacions / </subfield>
    <subfield code="c">per Cels Gomis.</subfield>
  </datafield>
  <datafield tag="260" ind1=" " ind2=" ">
    <subfield code="a">Barcelona : </subfield>
    <subfield code="b">&#xC1;lvar Verdaguer, </subfield>
    <subfield code="c">1891.</subfield>
  </datafield>
  <datafield tag="300" ind1=" " ind2=" ">
    <subfield code="a">157 p. ; </subfield>
    <subfield code="c">17 cm.</subfield>
  </datafield>
  <datafield tag="490" ind1="1" ind2=" ">
    <subfield code="a">Folk-lore catal&#xE1;: biblioteca popular de la Associaci&#xF3; d'Excursions Catalana ; </subfield>
    <subfield code="v">6</subfield>
  </datafield>
  <datafield tag="650" ind1=" " ind2="4">
    <subfield code="a">Plantas-</subfield>
    <subfield code="x">Nombres vulgares-</subfield>
    <subfield code="z">Catalu&#xF1;a.</subfield>
    <subfield code="9">141825</subfield>
  </datafield>
  <datafield tag="710" ind1="2" ind2=" ">
    <subfield code="a">Associaci&#xF3; d'Excursions Catalana.</subfield>
    <subfield code="9">134144</subfield>
  </datafield>
  <datafield tag="830" ind1="1" ind2=" ">
    <subfield code="a">Folk-lore catal&#xE1;: biblioteca popular de la Associaci&#xF3; d'Excursions Catalana ; </subfield>
    <subfield code="v">6</subfield>
    <subfield code="9">221494</subfield>
  </datafield>
  <datafield tag="852" ind1="4" ind2=" ">
    <subfield code="a">ES-MaACL</subfield>
    <subfield code="j">T-762-F-5        </subfield>
    <subfield code="z">- Enc. hol., conservando cub. original</subfield>
    <subfield code="z">- Enc. en un vol. facticio</subfield>
  </datafield>
  <datafield tag="999" ind1=" " ind2=" ">
    <subfield code="c">154482</subfield>
    <subfield code="d">154482</subfield>
  </datafield>
  <datafield tag="952" ind1=" " ind2=" ">
    <subfield code="0">0</subfield>
    <subfield code="1">0</subfield>
    <subfield code="4">0</subfield>
    <subfield code="7">0</subfield>
    <subfield code="8">Colecci&#xF3;n_de_folletos</subfield>
    <subfield code="a">ATENEOM</subfield>
    <subfield code="b">ATENEOM</subfield>
    <subfield code="c">DEPOF</subfield>
    <subfield code="d">2008-01-17</subfield>
    <subfield code="l">0</subfield>
    <subfield code="o">T-762-F-5</subfield>
    <subfield code="p">1161560</subfield>
    <subfield code="r">2023-02-23 00:00:00</subfield>
    <subfield code="w">2023-02-23</subfield>
    <subfield code="y">FOLLETOS</subfield>
  </datafield>
</record>
